Statistiken für Formel 1 Fahrer 2024

Klicken Sie hier um das Quiz zu spielen!

Allgemein

  • Dieses Quiz wurde 351 mal gespielt
  • Das Durchschnittsergebnis liegt bei 17 aus 20

Antwortstatistiken

Antwort% Korrekt
Lewis Hamilton
99%
Max Verstappen
99%
Charles Leclerc
95%
Carlos Sainz
94%
Fernando Alonso
94%
Lando Norris
91%
Sergio Perez
91%
Nico Hülkenberg
87%
George Russell
86%
Valtteri Bottas
86%
Kevin Magnussen
83%
Oscar Piastri
83%
Pierre Gasly
83%
Alex Albon
80%
Esteban Ocon
80%
Yuki Tsunoda
79%
Daniel Ricciardo
78%
Lance Stroll
78%
Logan Sargeant
65%
Zhou Guanyu
43%

Verteilung der Resultate

Perzentil nach korrekt beantworteten Fragen

Anzahl Personen mit jedem Resultat

Ihre Resultats-Entwicklung

Sie haben dieses Quiz noch nicht gespielt